| 000 | 00457nam a2200157 a 4500 | ||
|---|---|---|---|
| 005 | 20140412111238.0 | ||
| 008 | 001110s19uu xx 00 eng d | ||
| 050 |
_aM 422 _bBu927 1988 |
||
| 100 | _aBuddle, Jackie | ||
| 245 |
_aFun with words / _cJackie Buddle; illustrated by Annelies Davis. |
||
| 260 |
_aOntario, Canada : _bCyril Hayes Press, _c1988. |
||
| 300 | _a32 p. ; col. ; ill. | ||
| 650 | _aWords, New | ||
| 650 | _aWord games | ||
| 999 |
_c102552 _d102552 |
||